2025-2026 Las Vegas Raiders - Statistics

General Stats
  • This quiz has been taken 26 times
  • The average score is 19 of 52
Answer Stats
Position Name % Correct
Running Back Ashton Jeanty
95%
Quarterback Geno Smith
95%
Tight End Brock Bowers
90%
Tight End Michael Mayer
85%
Wide Receiver Tre Tucker
85%
Quarterback Kenny Pickett
80%
Quarterback Aidan O’Connel
75%
Wide Receiver Jack Bech
75%
Defensive Lineman Maxx Crosby
75%
Offensive Lineman Kolton Miller
70%
Wide Receiver Tyler Lockett
65%
Linebacker Devin White
60%
Cornerback Eric Stokes
55%
Offensive Lineman Jackson Powers-Johnson
55%
Running Back Zamir White
55%
Punter A.J. Cole
50%
Placekicker Daniel Carlson
50%
Wide Receiver Dont’e Thornton Jr.
50%
Running Back Raheem Mostert
50%
Offensive Lineman Charles Grant
35%
Linebacker Jamal Adams
35%
Offensive Lineman Alex Cappa
30%
Offensive Lineman Caleb Rogers
30%
Cornerback Darien Porter
30%
Running Back Dylan Laube
30%
Safety Jeremy Chinn
30%
Defensive Lineman Adam Butler
25%
Linebacker Brennan Jackson
25%
Tight End Ian Thomas
25%
Offensive Lineman Jordan Meredith
25%
Cornerback Kyu Blu Kelly
25%
Safety Lonnie Johnson Jr.
25%
Defensive Lineman Malcolm Koonce
25%
Wide Receiver Shedrick Jackson
25%
Offensive Lineman Stone Forsythe
25%
Defensive Lineman Tyree Wilson
25%
Safety Isaiah Pola-Mao
20%
Defensive Lineman Jonah Laulu
20%
Linebacker Tommy Eichenberg
20%
Defensive Lineman Charles Snowden
15%
Defensive Lineman Thomas Booker IV
15%
Tight End Carter Runyon
10%
Linebacker Cody Lindenburg
10%
Long Snapper Jacob Bobenmoyer
10%
Wide Receiver Alex Bachman
5%
Cornerback Darnay Holmes
5%
Cornerback Greedy Vance Jr.
5%
Defensive Lineman J.J. Peques
0%
Linebacker Jon Rhattigan
0%
Safety Terrell Edmunds
0%
Safety Tristin McCollum
0%
Offensive Lineman Will Putnam
0%
No matching quizzes found
Score Distribution
Percent of People with Each Score
Percentile by Number Answered
Your Score History
You have not taken this quiz